[Event "9th Lost Boys op"]
[Site "Amsterdam NED"]
[Date "2001.08.17"]
[Round "7"]
[White "Erwich, Marc"]
[Black "Konings, Leon"]
[Result "1-0"]
[WhiteElo "2263"]
[BlackElo "2293"]
[EventDate "2001.08.10"]
[PlyCount "61"]

1.e4 c6 2.d4 d5 3.exd5 cxd5 4.c4 Nf6 5.Nc3 e6 6.Nf3 Be7 7.c5 O-O 8.Bd3 b6 
9.cxb6 axb6 10.Bf4 Ba6 11.O-O Bxd3 12.Qxd3 Bd6 13.Ne5 Nh5 14.Bd2 g6 15.Nb5
Bxe5 16.dxe5 Nd7 17.Qd4 Nc5 18.b4 Na4 19.Nd6 f5 20.Bh6 Ng7 21.f4 Ra7 22.
Rac1 Qd7 23.Rc2 Rc7 24.Rfc1 Rxc2 25.Rxc2 Ra8 26.Bxg7 Kxg7 27.Qd3 Kh6 28.h4
Ra7 29.Qg3 Kg7 30.h5 Qe7 31.Rc8 1-0

[Event "9th Lost Boys op"]
[Site "Amsterdam NED"]
[Date "2001.08.17"]
[Round "7"]
[White "Roebers, Jan"]
[Black "Wunnink, Michael"]
[Result "0-1"]
[WhiteElo "2303"]
[BlackElo "2215"]
[EventDate "2001.08.10"]
[PlyCount "72"]

1.e4 c5 2.Nf3 d6 3.d4 cxd4 4.Nxd4 Nf6 5.Nc3 a6 6.f4 Nbd7 7.a4 g6 8.Bd3 Bg7
9.Nf3 Qc7 10.O-O b6 11.Kh1 Bb7 12.Qe1 Nc5 13.Bd2 Rc8 14.Ng5 O-O 15.f5 h6 
16.Nh3 g5 17.Nxg5 hxg5 18.Bxg5 Rfd8 19.Qh4 Kf8 20.Rf3 Ke8 21.Re1 Kd7 22.e5
dxe5 23.Bc4 Bxf3 24.gxf3 Rh8 25.Rd1+ Ke8 26.Qg3 Rd8 27.Nd5 Nxd5 28.Bxd5 
Rd6 29.c4 Bh6 30.Bh4 Bf4 31.Qg7 Rxh4 32.Qxf7+ Kd7 33.f6 Rxh2+ 34.Kg1 Qd8 
35.b4 Qh8 36.Qxe7+ Kc8 0-1

[Event "9th Lost Boys op"]
[Site "Amsterdam NED"]
[Date "2001.08.17"]
[Round "7"]
[White "Tan, Kevin"]
[Black "Delafargue, Bertrand"]
[Result "1-0"]
[WhiteElo "2184"]
[BlackElo "2150"]
[EventDate "2001.08.10"]
[PlyCount "99"]

1.e4 c5 2.Nf3 e6 3.d4 cxd4 4.Nxd4 Nc6 5.Nc3 Qc7 6.Be2 a6 7.O-O Nf6 8.Be3 
Bb4 9.Na4 Be7 10.Nxc6 bxc6 11.Nb6 Rb8 12.Nxc8 Qxc8 13.e5 Nd5 14.Bc1 Bc5 
15.c4 Ne7 16.b3 Qc7 17.Bb2 d6 18.exd6 Bxd6 19.g3 Be5 20.Bxe5 Qxe5 21.Bf3 
Rd8 22.Qe1 Qc5 23.Rd1 O-O 24.Qe4 Qb6 25.Rxd8 Rxd8 26.Rd1 Rxd1+ 27.Bxd1 g6 
28.Bf3 c5 29.g4 Qd6 30.a3 Kg7 31.Kg2 h6 32.Qb7 g5 33.Be4 Qf4 34.h3 Ng6 35.
Bxg6 Kxg6 36.Qc6 Qe5 37.b4 cxb4 38.axb4 Qc3 39.b5 axb5 40.cxb5 Qb4 41.b6 
h5 42.gxh5+ Kxh5 43.b7 g4 44.hxg4+ Qxg4+ 45.Kh1 Qh4+ 46.Kg1 Qg4+ 47.Qg2 
Qd1+ 48.Kh2 Qd6+ 49.Qg3 e5 50.Qg8 1-0

[Event "9th Lost Boys op"]
[Site "Amsterdam NED"]
[Date "2001.08.18"]
[Round "8"]
[White "Van den Doel, Erik"]
[Black "Van Wely, Loek"]
[Result "0-1"]
[WhiteElo "2607"]
[BlackElo "2695"]
[EventDate "2001.08.10"]
[PlyCount "60"]

1.e4 e6 2.d4 d5 3.Nc3 dxe4 4.Nxe4 Nd7 5.Nf3 Ngf6 6.Bg5 h6 7.Nxf6+ Nxf6 8.
Bxf6 Qxf6 9.Bb5+ c6 10.Bd3 Bd7 11.O-O Bd6 12.c3 O-O-O 13.Re1 c5 14.Be4 Kb8
15.Qb3 Bc8 16.a4 Rd7 17.a5 a6 18.Qb6 Qe7 19.c4 Rhd8 20.g3 cxd4 21.Nxd4 Rc7
22.Nc6+ Rxc6 23.Bxc6 Bc5 24.Qb3 Rd2 25.Rf1 Qf6 26.Bf3 Rxb2 27.Qd1 h5 28.
Be2 e5 29.Qd5 Bd4 30.Bf3 Bd7 0-1

[Event "9th Lost Boys op"]
[Site "Amsterdam NED"]
[Date "2001.08.18"]
[Round "8"]
[White "Shchekachev, Andrei"]
[Black "Gurevich, Mikhail"]
[Result "1/2-1/2"]
[WhiteElo "2546"]
[BlackElo "2633"]
[EventDate "2001.08.10"]
[PlyCount "95"]

1.e4 e6 2.d4 d5 3.Nc3 Nf6 4.Bg5 dxe4 5.Nxe4 Nbd7 6.Nf3 h6 7.Nxf6+ Nxf6 8.
Bf4 Bd6 9.Bg3 O-O 10.a3 b6 11.Bd3 Bb7 12.c3 Rc8 13.Qe2 c5 14.Ba6 Bxa6 15.
Qxa6 cxd4 16.Nxd4 Bxg3 17.hxg3 Rc7 18.Rd1 Rd7 19.Qe2 Qa8 20.O-O Rfd8 21.
Nc2 Qe4 22.Ne3 h5 23.Rxd7 Rxd7 24.Rd1 g6 25.c4 Rxd1+ 26.Qxd1 Qe5 27.b4 Ne4
28.Qd3 Kf8 29.Qd8+ Kg7 30.Qd3 Qa1+ 31.Nf1 Nf6 32.c5 bxc5 33.bxc5 Qc1 34.
Qe3 Qc4 35.Qe5 Qd5 36.Qc3 e5 37.c6 Ne4 38.Qc2 Nd6 39.c7 Nc8 40.Ne3 Qd6 41.
Qc3 Kf8 42.Qa5 f6 43.Nd5 Qc6 44.Qd2 Kf7 45.Qa2 Ke8 46.Qd2 Kf7 47.Qd3 Ke6 
48.Ne3 1/2-1/2

[Event "9th Lost Boys op"]
[Site "Amsterdam NED"]
[Date "2001.08.18"]
[Round "8"]
[White "Tregubov, Pavel"]
[Black "Sutovsky, Emil"]
[Result "0-1"]
[WhiteElo "2617"]
[BlackElo "2651"]
[EventDate "2001.08.10"]
[PlyCount "110"]

1.d4 Nf6 2.c4 g6 3.g3 Bg7 4.Bg2 d5 5.cxd5 Nxd5 6.e4 Nb6 7.Ne2 c5 8.d5 e6 
9.O-O O-O 10.Nbc3 Na6 11.h3 exd5 12.exd5 Nc4 13.b3 Nd6 14.Bf4 b6 15.Qd2 
Re8 16.Rad1 Bb7 17.h4 Qd7 18.Kh2 Nf5 19.Bh3 Nb4 20.Rfe1 Rad8 21.Bg5 f6 22.
Be3 Qc8 23.Nf4 Bh6 24.Nh5 Bg7 25.Nxg7 Kxg7 26.Bh6+ Kf7 27.Rxe8 Kxe8 28.d6 
Kf7 29.Qf4 Qe6 30.Bxf5 gxf5 31.Nb5 Nc6 32.d7 Rxd7 33.Rxd7+ Qxd7 34.Nd6+ 
Ke6 35.Nxf5 Ne5 36.Ne3 Kf7 37.g4 Qc6 38.Bg5 Qf3 39.Bh6 Qc6 40.Kg3 Qh1 41.
Qf5 Qg1+ 42.Kh3 Qh1+ 43.Kg3 Be4 44.Qf4 Ng6 45.Qc7+ Ne7 46.Qxa7 Qf3+ 47.Kh2
f5 48.gxf5 Bb7 49.Qa4 Qh1+ 50.Kg3 Qf3+ 51.Kh2 Qxf2+ 52.Kh3 Qf3+ 53.Kh2 
Qh1+ 54.Kg3 Nxf5+ 55.Kf4 b5 0-1

[Event "9th Lost Boys op"]
[Site "Amsterdam NED"]
[Date "2001.08.18"]
[Round "8"]
[White "Nijboer, Friso"]
[Black "Piket, Jeroen"]
[Result "1/2-1/2"]
[WhiteElo "2551"]
[BlackElo "2630"]
[EventDate "2001.08.10"]
[PlyCount "95"]

1.e4 c5 2.Nf3 Nc6 3.d4 cxd4 4.Nxd4 Qb6 5.Nb3 Nf6 6.Nc3 e6 7.Qe2 Bb4 8.Bd2 
O-O 9.a3 Bxc3 10.Bxc3 e5 11.O-O-O Rd8 12.Rd6 Qc7 13.Rxf6 gxf6 14.Qg4+ Kh8 
15.Qh4 d6 16.Qxf6+ Kg8 17.Qg5+ Kh8 18.f4 Qe7 19.Qxe7 Nxe7 20.fxe5 dxe5 21.
Bxe5+ Kg8 22.Bf6 Bg4 23.Bb5 Kf8 24.h3 Bh5 25.Nd4 Bg6 26.Re1 Rd6 27.Be5 Rb6
28.a4 Rc8 29.b3 a6 30.Bc4 Rxc4 31.bxc4 Rb4 32.Bd6 Rxa4 33.Kb2 Ke8 34.Nf5 
Nc6 35.Kb3 b5 36.cxb5 axb5 37.Bc5 Na5+ 38.Kb2 Kd7 39.g4 h5 40.Bf8 hxg4 41.
hxg4 Ke6 42.Bg7 f6 43.Rf1 Rxe4 44.Nh6 Nc4+ 45.Ka2 Kd5 46.Rxf6 Re6 47.Rf2 
Ra6+ 48.Kb3 1/2-1/2

[Event "9th Lost Boys op"]
[Site "Amsterdam NED"]
[Date "2001.08.18"]
[Round "8"]
[White "Michiels, Bart"]
[Black "Wintzer, Joachim"]
[Result "1-0"]
[WhiteElo "2113"]
[BlackElo "2378"]
[EventDate "2001.08.10"]
[PlyCount "103"]

1.e4 e6 2.d4 d5 3.Nc3 Bb4 4.e5 c5 5.a3 Bxc3+ 6.bxc3 Qc7 7.Qg4 f5 8.Qg3 
cxd4 9.cxd4 Ne7 10.Bd2 O-O 11.Bd3 b6 12.Ne2 Ba6 13.Nf4 Qd7 14.h4 Bxd3 15.
Qxd3 Rc8 16.Rh3 Rc4 17.Rg3 Nbc6 18.Ne2 Kh8 19.h5 Rc8 20.Kf1 Nd8 21.c3 Nf7 
22.Kg1 Nc6 23.Kh1 Na5 24.Rg1 Ra4 25.Rh3 Nc4 26.Bf4 Nh6 27.Bxh6 gxh6 28.Qf3
Nd2 29.Qe3 Ne4 30.g4 Rf8 31.Qxh6 Nxf2+ 32.Kg2 Qf7 33.Kxf2 fxg4+ 34.Ke1 
Qf2+ 35.Kd1 Rxa3 36.Rh2 Qf5 37.Qd2 g3 38.Rhg2 Ra1+ 39.Nc1 Qxh5+ 40.Kc2 Qe8
41.Rxg3 Qb5 42.Qg2 Qb1+ 43.Kd2 Qb2+ 44.Kd3 Qxg2 45.R3xg2 b5 46.Kc2 a5 47.
Kb2 Ra4 48.Nd3 Rc4 49.Nc5 b4 50.Nd7 bxc3+ 51.Kc2 Rb8 52.Nxb8 1-0

[Event "9th Lost Boys op"]
[Site "Amsterdam NED"]
[Date "2001.08.18"]
[Round "8"]
[White "Sokolov, Ivan"]
[Black "Van der Wiel, John"]
[Result "1-0"]
[WhiteElo "2659"]
[BlackElo "2498"]
[EventDate "2001.08.10"]
[PlyCount "73"]

1.d4 Nf6 2.c4 e6 3.Nc3 Bb4 4.Qc2 O-O 5.a3 Bxc3+ 6.Qxc3 d6 7.Bg5 Qe7 8.e3 
e5 9.dxe5 dxe5 10.Bd3 Nbd7 11.Ne2 Nc5 12.Bc2 Re8 13.Ng3 a5 14.O-O a4 15.f4
h6 16.Bh4 exf4 17.exf4 Qe3+ 18.Qxe3 Rxe3 19.Bxf6 gxf6 20.Rad1 Bg4 21.Rd5 
b6 22.Kf2 Rae8 23.Rxc5 bxc5 24.Bxa4 R8e6 25.h3 Be2 26.f5 R6e5 27.Re1 Rxg3 
28.Kxg3 Bxc4 29.Rxe5 fxe5 30.f6 Bd5 31.Bd7 Be4 32.h4 h5 33.Kf2 Kh7 34.Ke3 
Bxg2 35.Bf5+ Kh6 36.a4 Bb7 37.a5 1-0

[Event "9th Lost Boys op"]
[Site "Amsterdam NED"]
[Date "2001.08.18"]
[Round "8"]
[White "Avrukh, Boris"]
[Black "Arakhamia-Grant, Ketevan"]
[Result "1-0"]
[WhiteElo "2598"]
[BlackElo "2446"]
[EventDate "2001.08.10"]
[PlyCount "97"]

1.d4 Nf6 2.c4 g6 3.Nc3 Bg7 4.e4 d6 5.Nf3 O-O 6.Be2 e5 7.Be3 Ng4 8.Bg5 f6 
9.Bh4 Nc6 10.d5 Ne7 11.Nd2 Nh6 12.f3 g5 13.Bf2 f5 14.c5 Ng6 15.g3 g4 16.
fxg4 f4 17.Nc4 Qf6 18.h4 f3 19.g5 fxe2 20.Qxe2 Qf7 21.gxh6 Bg4 22.Qd2 Bxh6
23.Be3 Bxe3 24.Qxe3 dxc5 25.Nd2 h5 26.Nd1 c6 27.dxc6 bxc6 28.Nf2 Be6 29.
O-O Qg7 30.Kh2 Rab8 31.Nd3 c4 32.Nc5 Rxf1 33.Nxe6 Qe7 34.Rxf1 Qxe6 35.Qc3 
Rd8 36.Nxc4 Rd4 37.b3 Rxe4 38.Qf3 Rg4 39.Qf5 Qxf5 40.Rxf5 Re4 41.Kh3 Re2 
42.Rxh5 e4 43.Rg5 Kh7 44.Ra5 e3 45.Kg4 Re1 46.Kf3 e2 47.h5 Nf8 48.Re5 Kh6 
49.g4 1-0

[Event "9th Lost Boys op"]
[Site "Amsterdam NED"]
[Date "2001.08.18"]
[Round "8"]
[White "Ernst, Sipke"]
[Black "Ikonnikov, Viacheslav"]
[Result "1/2-1/2"]
[WhiteElo "2440"]
[BlackElo "2552"]
[EventDate "2001.08.10"]
[PlyCount "70"]

1.d4 Nf6 2.c4 c5 3.d5 b5 4.cxb5 a6 5.f3 axb5 6.e4 Qa5+ 7.Bd2 b4 8.Na3 d6 
9.Nc4 Qc7 10.a3 bxa3 11.Rxa3 Rxa3 12.bxa3 g6 13.Qa4+ Nbd7 14.Ba5 Qb8 15.
Bd3 Bh6 16.Bc3 O-O 17.Ne2 Bb7 18.Kf2 Qa8 19.Qxa8 Rxa8 20.Na5 Ba6 21.Bxa6 
Rxa6 22.Rb1 Nb6 23.Nc6 Nfd7 24.Nxe7+ Kf8 25.Nc6 Rxa3 26.Ba5 Nc4 27.Bd8 Ra2
28.Rb7 Ke8 29.Rc7 Be3+ 30.Kg3 Rxe2 31.Rc8 f6 32.Ba5+ Kf7 33.Rc7 Ke8 34.
Rc8+ Kf7 35.Rc7 Ke8 1/2-1/2

[Event "9th Lost Boys op"]
[Site "Amsterdam NED"]
[Date "2001.08.18"]
[Round "8"]
[White "Jonkman, Harmen"]
[Black "De Vreugt, Dennis"]
[Result "1-0"]
[WhiteElo "2468"]
[BlackElo "2429"]
[EventDate "2001.08.10"]
[PlyCount "59"]

1.e4 e5 2.Nf3 Nc6 3.Nc3 Nf6 4.Bb5 Nd4 5.Ba4 c6 6.d3 d6 7.Nxd4 exd4 8.Ne2 
Qa5+ 9.c3 dxc3 10.bxc3 Be7 11.O-O O-O 12.Bb3 Re8 13.f3 Be6 14.Be3 Bf8 15.
d4 Qa6 16.Rb1 b6 17.Ng3 g6 18.Qd2 Bg7 19.Bh6 Bh8 20.Qf4 d5 21.h4 Qa3 22.h5
a5 23.Qd2 a4 24.Bc2 dxe4 25.fxe4 Bxa2 26.Ra1 Qb2 27.e5 Ng4 28.Rxa2 Qxa2 
29.Bxg6 Nxh6 30.Qxa2 1-0

[Event "9th Lost Boys op"]
[Site "Amsterdam NED"]
[Date "2001.08.18"]
[Round "8"]
[White "Bosboom-Lanchava, Tea"]
[Black "Gustafsson, Jan"]
[Result "1/2-1/2"]
[WhiteElo "2345"]
[BlackElo "2535"]
[EventDate "2001.08.10"]
[PlyCount "82"]

1.d4 Nf6 2.c4 g6 3.Nc3 d5 4.Nf3 Bg7 5.Bg5 Ne4 6.Bh4 Nxc3 7.bxc3 dxc4 8.
Qa4+ Qd7 9.Qxc4 b6 10.Qb3 Ba6 11.e3 Bxf1 12.Rxf1 O-O 13.Ke2 c5 14.dxc5 Na6
15.Rfd1 Qc7 16.cxb6 axb6 17.Bg3 Qc6 18.Kf1 Nc5 19.Qd5 Qxd5 20.Rxd5 Bxc3 
21.Rc1 Bf6 22.Rc2 Ra6 23.Be5 Rfa8 24.Bxf6 exf6 25.Rdd2 Ne4 26.Rd4 f5 27.
Nd2 Nf6 28.a4 Rxa4 29.Rd6 Ra1+ 30.Ke2 Kg7 31.Rxb6 Rg1 32.Kf3 Rd8 33.h3 Rd7
34.Rbc6 Ra1 35.Nb3 Ra3 36.Nc5 Re7 37.Ra6 Rxa6 38.Nxa6 Ne4 39.Rc7 Re5 40.
Nb4 Ra5 41.Rc2 Rb5 1/2-1/2

[Event "9th Lost Boys op"]
[Site "Amsterdam NED"]
[Date "2001.08.18"]
[Round "8"]
[White "Hendriks, Willy"]
[Black "Solleveld, Maarten"]
[Result "1/2-1/2"]
[WhiteElo "2321"]
[BlackElo "2427"]
[EventDate "2001.08.10"]
[PlyCount "59"]

1.e4 c5 2.Nf3 e6 3.d4 cxd4 4.Nxd4 a6 5.Bd3 Bc5 6.Nb3 Ba7 7.Nc3 Nc6 8.O-O 
Nge7 9.Bg5 h6 10.Bd2 d6 11.Kh1 e5 12.Nd5 O-O 13.c4 Nxd5 14.cxd5 Nd4 15.Rc1
Bd7 16.Nxd4 Bxd4 17.Qb3 b5 18.Qa3 Qb6 19.Be2 a5 20.Qg3 Kh8 21.b3 Rac8 22.
Qh4 Rxc1 23.Rxc1 Rc8 24.Rxc8+ Bxc8 25.Qe7 Qc5 26.h3 Qc2 27.Bxh6 gxh6 28.
Qf8+ Kh7 29.Qxf7+ Kh8 30.Qf8+ 1/2-1/2

[Event "9th Lost Boys op"]
[Site "Amsterdam NED"]
[Date "2001.08.18"]
[Round "8"]
[White "Nep, Ron"]
[Black "Roobol, Martin"]
[Result "0-1"]
[WhiteElo "2424"]
[BlackElo "2261"]
[EventDate "2001.08.10"]
[PlyCount "86"]

1.d4 Nf6 2.Nf3 e6 3.c4 c5 4.d5 exd5 5.cxd5 d6 6.Nc3 g6 7.e4 a6 8.a4 Bg4 9.
Be2 Bxf3 10.Bxf3 Nbd7 11.O-O Bg7 12.Re1 O-O 13.Be2 Re8 14.Qc2 Qc7 15.Bd2 
Rac8 16.a5 c4 17.Ra4 Ne5 18.Nd1 Nfd7 19.Rb4 Nc5 20.Rf1 Ncd3 21.Ra4 Nd7 22.
b3 b5 23.axb6 Nxb6 24.Ba5 Qc5 25.Bxb6 Qxb6 26.Bxd3 cxd3 27.Qxd3 a5 28.Ne3 
Rc3 29.Qd2 Qxb3 30.Rxa5 Bh6 31.Re1 Rxe4 32.Ra8+ Kg7 33.Kh1 Bxe3 34.fxe3 
Rcxe3 35.Rf1 Rf4 36.Raa1 Rxf1+ 37.Rxf1 Qd3 38.Qb2+ Re5 39.Qf2 f5 40.Rc1 
Qxd5 41.Qh4 Qf7 42.Qd8 Qe7 43.Qb6 Re1+ 0-1

[Event "9th Lost Boys op"]
[Site "Amsterdam NED"]
[Date "2001.08.18"]
[Round "8"]
[White "Van Blitterswijk, Stefan"]
[Black "Smeets, Jan"]
[Result "1-0"]
[WhiteElo "2380"]
[BlackElo "2311"]
[EventDate "2001.08.10"]
[PlyCount "103"]

1.e4 e5 2.Nf3 Nc6 3.Bb5 a6 4.Ba4 Nf6 5.O-O Nxe4 6.d4 b5 7.Bb3 d5 8.dxe5 
Be6 9.Nbd2 Nc5 10.c3 Bg4 11.Bc2 Be7 12.Re1 O-O 13.Nf1 Bh5 14.b4 Ne6 15.a4 
Rb8 16.Ng3 Bg6 17.Nf5 d4 18.axb5 axb5 19.Ra6 Qd7 20.g4 Rb6 21.Rxb6 cxb6 
22.Be4 Rc8 23.Qd3 Bf8 24.Bd2 Ne7 25.N3xd4 Rc4 26.Nc6 Qc7 27.Ncxe7+ Bxe7 
28.Qd5 h5 29.Qxb5 Bf8 30.Nd6 Rxe4 31.Nxe4 hxg4 32.Qd5 Qe7 33.Ng3 Qc7 34.
Ra1 Be7 35.Ne4 Kh7 36.h3 gxh3 37.f4 Bh4 38.Kh2 Bf5 39.c4 Qe7 40.c5 bxc5 
41.bxc5 Nc7 42.Qc4 g6 43.Nd6 Be6 44.Qd4 Nb5 45.Qe4 Bf2 46.f5 gxf5 47.Nxf5 
Qxc5 48.Nd4+ Kg7 49.Nxe6+ fxe6 50.Qg4+ Kf7 51.Qh5+ Ke7 52.Qh7+ 1-0

[Event "9th Lost Boys op"]
[Site "Amsterdam NED"]
[Date "2001.08.18"]
[Round "8"]
[White "l`Ami, Erwin"]
[Black "Grooten, Herman"]
[Result "1-0"]
[WhiteElo "2275"]
[BlackElo "2374"]
[EventDate "2001.08.10"]
[PlyCount "125"]

1.e4 c6 2.d4 d5 3.Nc3 dxe4 4.Nxe4 Bf5 5.Ng3 Bg6 6.h4 h6 7.Nf3 Nd7 8.h5 Bh7
9.Bd3 Bxd3 10.Qxd3 e6 11.Bf4 Bb4+ 12.Bd2 Bxd2+ 13.Qxd2 Ngf6 14.O-O-O Qc7 
15.Rhe1 O-O 16.Ne5 c5 17.Nxd7 Qxd7 18.dxc5 Qa4 19.a3 Rfc8 20.Qb4 Qc6 21.
Ne4 Nxe4 22.Rxe4 a5 23.Qd4 Qxc5 24.Qxc5 Rxc5 25.Rd7 b5 26.g4 Rac8 27.c3 
Rc4 28.Rdd4 R8c5 29.Kd2 Rxd4+ 30.Rxd4 f5 31.b4 axb4 32.axb4 Rc7 33.gxf5 
Kf7 34.Rd6 exf5 35.Rd5 Rb7 36.Rxf5+ Ke6 37.Rc5 Kf6 38.f4 Rb6 39.Ke3 g6 40.
Kf3 gxh5 41.Rxh5 Kg6 42.Rc5 h5 43.Kg3 Rd6 44.Rg5+ Kf6 45.Rxb5 Rd3+ 46.Kh4 
Rxc3 47.Kxh5 Rb3 48.Kg4 Rb1 49.Rb6+ Kf7 50.Kf5 Ke7 51.Re6+ Kf7 52.Re4 Rh1 
53.Rd4 Ke7 54.Ke4 Rh3 55.Rd3 Rh5 56.Rd5 Rh1 57.b5 Rb1 58.Kd4 Rb4+ 59.Kc5 
Rxf4 60.b6 Rf1 61.b7 Rb1 62.Kc6 Ke6 63.Rb5 1-0

[Event "9th Lost Boys op"]
[Site "Amsterdam NED"]
[Date "2001.08.18"]
[Round "8"]
[White "Riemens, Albert"]
[Black "Dutreeuw, Marc"]
[Result "1/2-1/2"]
[WhiteElo "2209"]
[BlackElo "2390"]
[EventDate "2001.08.10"]
[PlyCount "33"]

1.e4 e5 2.Nf3 Nf6 3.Nc3 Bb4 4.Nxe5 O-O 5.Be2 d6 6.Nd3 Bxc3 7.dxc3 Nxe4 8.
O-O Nd7 9.f3 Nec5 10.Bf4 Re8 11.Qd2 Nxd3 12.cxd3 Nf8 13.Rfe1 Bf5 14.Bg5 f6
15.Bh4 Qd7 16.d4 d5 17.Bf1 1/2-1/2

[Event "9th Lost Boys op"]
[Site "Amsterdam NED"]
[Date "2001.08.18"]
[Round "8"]
[White "Nemet, Ivan"]
[Black "Strating, Sybolt"]
[Result "1-0"]
[WhiteElo "2427"]
[BlackElo "2340"]
[EventDate "2001.08.10"]
[PlyCount "81"]

1.d4 d5 2.Nf3 c6 3.c4 Nf6 4.e3 a6 5.Nc3 Bf5 6.Bd3 Bxd3 7.Qxd3 b5 8.b3 Nbd7
9.O-O g6 10.cxd5 cxd5 11.Ne5 e6 12.Bb2 Bd6 13.Ne2 Qb8 14.Nxd7 Nxd7 15.e4 
dxe4 16.Qxe4 O-O 17.Rad1 Bxh2+ 18.Kh1 Bd6 19.d5 e5 20.f4 f5 21.Qe3 Qa7 22.
Nd4 Rae8 23.fxe5 Bxe5 24.Qd2 Qa8 25.Ne6 Rf7 26.Rfe1 Qb8 27.Ng5 Rff8 28.
Rxe5 Rxe5 29.d6 Qb7 30.Bxe5 Nxe5 31.Qd4 Nd7 32.Ne6 Rf7 33.Nd8 Qe4 34.Nxf7 
Kxf7 35.Qf2 Qe5 36.Qd2 f4 37.Re1 Qh5+ 38.Kg1 Qc5+ 39.Kf1 Qf5 40.Re7+ Kg8 
41.Qd4 1-0

[Event "9th Lost Boys op"]
[Site "Amsterdam NED"]
[Date "2001.08.18"]
[Round "8"]
[White "Stellwagen, Daniel"]
[Black "Ree, Hans"]
[Result "1-0"]
[WhiteElo "2337"]
[BlackElo "2421"]
[EventDate "2001.08.10"]
[PlyCount "97"]

1.e4 g6 2.d4 Bg7 3.Nc3 d6 4.f4 a6 5.Nf3 b5 6.Bd3 Nd7 7.e5 c5 8.e6 fxe6 9.
Ng5 Nf8 10.dxc5 d5 11.O-O Bd7 12.Ne2 Nh6 13.c3 Qc7 14.Be3 Ng4 15.Bd4 e5 
16.fxe5 Bxe5 17.Ng3 Bxg3 18.hxg3 Qxg3 19.Nf3 Rg8 20.Qe1 Qxe1 21.Raxe1 Rc8 
22.Ne5 Nxe5 23.Rxe5 Bc6 24.Re3 Nd7 25.Rfe1 e5 26.Bxe5 Nxe5 27.Rxe5+ Kd8 
28.Re7 Re8 29.Rxe8+ Bxe8 30.b4 Rc7 31.Re5 Bc6 32.Re6 Kd7 33.Rd6+ Kc8 34.
Be2 Kb7 35.Bf3 Re7 36.Kf2 Re5 37.Rf6 Re7 38.Rd6 Re5 39.Rf6 Re7 40.Kg3 Kc7 
41.Kf4 Bb7 42.Kg5 Re3 43.Rf7+ Kc8 44.Rxh7 Rxc3 45.Kxg6 Rc4 46.Kf5 Bc6 47.
Ke5 Be8 48.Rh8 Kd7 49.Bxd5 1-0

[Event "9th Lost Boys op"]
[Site "Amsterdam NED"]
[Date "2001.08.18"]
[Round "8"]
[White "Haimovich, Tal"]
[Black "Afek, Yochanan"]
[Result "0-1"]
[WhiteElo "2304"]
[BlackElo "2381"]
[EventDate "2001.08.10"]
[PlyCount "80"]

1.e4 c5 2.Nf3 d6 3.d4 cxd4 4.Nxd4 Nf6 5.Nc3 g6 6.Be3 Bg7 7.f3 O-O 8.Qd2 
Nc6 9.g4 Be6 10.h4 Nxd4 11.Bxd4 Qa5 12.a3 a6 13.O-O-O b5 14.Nd5 Qxd2+ 15.
Rxd2 Nxd5 16.Bxg7 Kxg7 17.exd5 Bc8 18.g5 Bb7 19.Bh3 f5 20.Re1 Kf7 21.Re3 
Rac8 22.b3 Rc5 23.Red3 h6 24.Kb2 Rh8 25.Bf1 hxg5 26.hxg5 Rh1 27.Bg2 Rh4 
28.b4 Rcc4 29.Bf1 Rh1 30.Bg2 Rh5 31.Re3 f4 32.Re1 Rxg5 33.Bh3 Rg3 34.Be6+ 
Kf6 35.Rh1 Bc8 36.Bg8 Kg7 37.Re2 Kxg8 38.Rxe7 Bf5 39.Rh2 Rxf3 40.c3 Rcxc3 
0-1

[Event "9th Lost Boys op"]
[Site "Amsterdam NED"]
[Date "2001.08.18"]
[Round "8"]
[White "Blees, Albert"]
[Black "Giddins, Stephen"]
[Result "1/2-1/2"]
[WhiteElo "2377"]
[BlackElo "2286"]
[EventDate "2001.08.10"]
[PlyCount "29"]

1.d4 Nf6 2.c4 e6 3.Nf3 d5 4.Nc3 Nbd7 5.cxd5 exd5 6.Bf4 c6 7.e3 Nh5 8.Bg5 
Be7 9.Bxe7 Qxe7 10.g3 g6 11.Bg2 Nhf6 12.O-O O-O 13.Re1 Nb6 14.Ne5 Be6 15.
h3 1/2-1/2

[Event "9th Lost Boys op"]
[Site "Amsterdam NED"]
[Date "2001.08.18"]
[Round "8"]
[White "Peelen, Piet"]
[Black "Bachofner, Andreas"]
[Result "1/2-1/2"]
[WhiteElo "2359"]
[BlackElo "2261"]
[EventDate "2001.08.10"]
[PlyCount "141"]

1.d4 e6 2.c4 f5 3.g3 Nf6 4.Bg2 c6 5.Nd2 d5 6.Nh3 Bd6 7.O-O O-O 8.Nf3 Qe7 
9.Bf4 Ne4 10.Ne5 Nd7 11.f3 Nef6 12.Kh1 Bb8 13.e4 dxe4 14.fxe4 Nxe5 15.dxe5
Ng4 16.Qe2 h6 17.Rae1 Re8 18.Nf2 Nxf2+ 19.Rxf2 Bd7 20.Qh5 Qf7 21.Qxf7+ 
Kxf7 22.Rd2 Bc8 23.Bf3 Bc7 24.b4 Re7 25.h4 a5 26.b5 a4 27.Red1 Ra5 28.Rc2 
Bd7 29.Bd2 Ra8 30.Bb4 Bxe5 31.Rcd2 Be8 32.Bxe7 Kxe7 33.exf5 Bxg3 34.Rg2 
Bxh4 35.Rxg7+ Kf6 36.Rxb7 cxb5 37.cxb5 Ra5 38.fxe6 Rxb5 39.Rxb5 Bxb5 40.
Bd5 Ke5 41.Kg2 Be7 42.Rb1 Kxd5 43.Rxb5+ Kxe6 44.Kf3 a3 45.Ke4 Kf6 46.Kf4 
Ke6 47.Rb6+ Bd6+ 48.Kg4 Kd5 49.Kh5 Bf4 50.Rb3 Bc1 51.Rc3 Bb2 52.Rc8 Kd4 
53.Kxh6 Kd3 54.Kg5 Bc3 55.Kf4 Bb2 56.Kf3 Bc3 57.Kf2 Kd2 58.Rc6 Bb2 59.Rc7 
Bc3 60.Rc8 Bb2 61.Kf3 Kd3 62.Rc6 Bc3 63.Rg6 Kc2 64.Ke4 Kb1 65.Kd3 Bb2 66.
Kc4 Kxa2 67.Rg2 Kb1 68.Kb3 Bc1 69.Re2 Bb2 70.Re1+ Bc1 71.Re2 1/2-1/2

[Event "9th Lost Boys op"]
[Site "Amsterdam NED"]
[Date "2001.08.18"]
[Round "8"]
[White "Van der Hoeven, Gert-Jan"]
[Black "De Jong, Migchiel"]
[Result "0-1"]
[WhiteElo "2356"]
[BlackElo "2273"]
[EventDate "2001.08.10"]
[PlyCount "62"]

1.e4 e6 2.d4 d5 3.e5 c5 4.c3 Qb6 5.Nf3 Bd7 6.a3 cxd4 7.cxd4 Bb5 8.Bxb5+ 
Qxb5 9.Nc3 Qa6 10.Ne2 Nd7 11.O-O Ne7 12.Ng3 Nc6 13.h4 Rc8 14.h5 h6 15.Be3 
Qb5 16.b3 Na5 17.Nd2 Nb6 18.Qe2 Qxe2 19.Nxe2 Be7 20.f4 Kd7 21.f5 Rc2 22.f6
gxf6 23.exf6 Bd6 24.Rfe1 Rxd2 25.Bxd2 Nxb3 26.Bb4 Nxa1 27.Rxa1 Rg8 28.Bxd6
Kxd6 29.Nf4 Nd7 30.Rb1 b6 31.Nd3 Rg4 0-1

[Event "9th Lost Boys op"]
[Site "Amsterdam NED"]
[Date "2001.08.18"]
[Round "8"]
[White "Van Kooten, Luuk"]
[Black "Van Beek, Lucien"]
[Result "1/2-1/2"]
[WhiteElo "2255"]
[BlackElo "2369"]
[EventDate "2001.08.10"]
[PlyCount "29"]

1.d4 Nf6 2.c4 e6 3.Nc3 d5 4.cxd5 exd5 5.Bg5 Be7 6.Qc2 Nbd7 7.e3 O-O 8.Bd3 
Re8 9.Nge2 Nf8 10.O-O g6 11.f3 Ne6 12.Bh4 a6 13.Rad1 Qd7 14.Qd2 c6 15.Bf2 
1/2-1/2

[Event "9th Lost Boys op"]
[Site "Amsterdam NED"]
[Date "2001.08.18"]
[Round "8"]
[White "Schuurman, Petra"]
[Black "Peek, Marcel"]
[Result "1/2-1/2"]
[WhiteElo "2235"]
[BlackElo "2345"]
[EventDate "2001.08.10"]
[PlyCount "66"]

1.c4 e5 2.Nc3 Bb4 3.Nd5 Bc5 4.b4 Bf8 5.Qb3 c6 6.Ne3 d6 7.g3 g6 8.Bb2 Bg7 
9.f4 Qe7 10.Nf3 Nd7 11.Bg2 Nh6 12.O-O O-O 13.Qc3 f5 14.fxe5 Nxe5 15.Nxe5 
Qxe5 16.Qxe5 dxe5 17.b5 Bd7 18.d3 Nf7 19.a4 a6 20.Rfb1 axb5 21.axb5 Rxa1 
22.Rxa1 cxb5 23.Bxb7 bxc4 24.Nxc4 Be6 25.Ra8 Rxa8 26.Bxa8 e4 27.Bxg7 Kxg7 
28.Nd2 exd3 29.exd3 Kf6 30.d4 Nd6 31.Kf2 g5 32.Ke3 Nc4+ 33.Nxc4 Bxc4 
1/2-1/2

[Event "9th Lost Boys op"]
[Site "Amsterdam NED"]
[Date "2001.08.18"]
[Round "8"]
[White "Mellegers, Joost"]
[Black "Vedder, Richard"]
[Result "0-1"]
[WhiteElo "2308"]
[BlackElo "2220"]
[EventDate "2001.08.10"]
[PlyCount "98"]

1.Nf3 Nf6 2.c4 g6 3.Nc3 Bg7 4.e4 d6 5.d4 O-O 6.Be2 Bg4 7.Be3 Nfd7 8.Qb3 
Bxf3 9.Bxf3 Nc6 10.Rd1 Na5 11.Qa4 c6 12.Be2 a6 13.b4 Nxc4 14.Bxc4 b5 15.
Qb3 bxc4 16.Qxc4 Nb6 17.Qb3 d5 18.O-O Nc4 19.exd5 cxd5 20.Bg5 Re8 21.Rfe1 
Rc8 22.a4 Qd6 23.g3 e6 24.Be3 Bf8 25.Rb1 Qb6 26.Rec1 Nd6 27.b5 axb5 28.
Nxb5 Nc4 29.Bf4 Bg7 30.Qd1 Qa5 31.Nd6 Nxd6 32.Bxd6 Rxc1 33.Rxc1 Ra8 34.Rc5
Qa6 35.Bf4 h5 36.a5 Bf8 37.Rc7 Qxa5 38.Kg2 Qb5 39.Be5 Qe8 40.Qf3 Bg7 41.
Bd6 Bf8 42.Be5 Bg7 43.Bd6 Rd8 44.Re7 Qf8 45.Bc5 Bxd4 46.Bxd4 Qxe7 47.Bf6 
Qf8 48.g4 Rc8 49.g5 Qb4 0-1

[Event "9th Lost Boys op"]
[Site "Amsterdam NED"]
[Date "2001.08.18"]
[Round "8"]
[White "Happel, Hendrik"]
[Black "Gohil, Harry"]
[Result "1/2-1/2"]
[WhiteElo "2218"]
[BlackElo "2307"]
[EventDate "2001.08.10"]
[PlyCount "122"]

1.d4 Nf6 2.c4 g6 3.Nc3 Bg7 4.e4 O-O 5.Nf3 d6 6.Be2 Nbd7 7.O-O e5 8.d5 Nc5 
9.Qc2 Nh5 10.b4 Na6 11.Rb1 Nf4 12.Be3 Nxe2+ 13.Qxe2 f5 14.Ne1 f4 15.Bc1 g5
16.f3 h5 17.h3 g4 18.fxg4 hxg4 19.hxg4 Qh4 20.Nf3 Qxg4 21.Nd1 Bf6 22.Nf2 
Qg6 23.Ba3 Nb8 24.c5 Nd7 25.Rfc1 Rf7 26.Rb3 Rg7 27.Qf1 Nf8 28.cxd6 cxd6 
29.b5 Bd8 30.Nd2 Qf6 31.Qe2 Ng6 32.Nf3 Bb6 33.Kf1 Rh7 34.Ng1 Nh4 35.Rxc8+ 
Rxc8 36.Qg4+ Rg7 37.Qxc8+ Kh7 38.Nf3 Bxf2 39.Kxf2 Rxg2+ 40.Kf1 Rg3 41.Nxh4
Qxh4 42.Qd7+ Kg8 43.Qe6+ Kg7 44.Rxg3+ Qxg3 45.Qe7+ Kg8 46.Qxd6 Qf3+ 47.Ke1
Qxe4+ 48.Kd2 Qd4+ 49.Kc2 Qc4+ 50.Kb2 Qd4+ 51.Kb3 Qd1+ 52.Kb4 Qd2+ 53.Ka4 
Qd1+ 54.Kb4 Qd4+ 55.Ka5 Qd2+ 56.Ka4 Qc2+ 57.Kb4 Qd2+ 58.Ka4 Qd1+ 59.Kb4 
Qe1+ 60.Ka4 Qd1+ 61.Kb4 Qd4+ 1/2-1/2